| 000 | 00478nam a2200145 a 4500 | ||
|---|---|---|---|
| 001 | 4170 | ||
| 003 | CDMR | ||
| 005 | 20130327104136.0 | ||
| 008 | 130130s2000||||||||||||||||||||||||||||d | ||
| 040 |
_aCDMR _bcat _cCDMR |
||
| 245 | 0 | 0 | _aCampaña para la erradicación en los medios de comunicación del uso del término ilegal en relación a las personas |
| 260 |
_aBarcelona _bColegio de Periodistas de Cataluña |
||
| 260 |
_c2000 _bColegio de Abogados de Barcelona |
||
| 942 |
_cMON _2udc |
||
| 999 |
_c4170 _d4170 |
||